000
00316nam a22001337a 4500
020
_a
81-7684-103-X
041
_a
ENG
100
_a
Sarao.A.S
245
_a
Tegineering Thermodynamic ( applied Thermodynamics )
260
_a
New Delhi
_b
Satya Pab
_c
2001
300
_a
856
650
_a
APE
856
_u
APE ( 10 )
999
_c
1791
_d
1791